Statistics for Twin Sized Mattress Lyrics

Click here to take the quiz!

General Stats

  • This quiz has been taken 102 times
    (101 since last reset)
  • The average score is 250 of 345

Answer Stats

Answer% Correct
for
100%
i
100%
the
100%
is
98%
my
98%
This
98%
this
98%
in
96%
a
93%
be
91%
it
89%
when
89%
an
87%
friend's
87%
friends
87%
lions
87%
of
87%
you
87%
and
85%
do
85%
its
85%
living
85%
no
85%
on
85%
they
85%
to
85%
but
83%
swim
83%
gonna
81%
night
81%
big
80%
i'm
80%
I'm
80%
look
80%
surprise
80%
way
80%
your
80%
am
78%
bite
78%
eyes
78%
out
78%
people
78%
warning
78%
amount
76%
bodies
76%
fucking
76%
ignored
76%
like
76%
more
76%
reasons
76%
sing
76%
snakes
76%
there
76%
turned
76%
will
76%
completely
74%
help
74%
hey
74%
love
74%
man
74%
said
74%
signs
74%
sleep
74%
take
74%
we
74%
i've
72%
mud
72%
nights
72%
sleepless
72%
that
72%
there's
72%
away
70%
comes
70%
down
70%
house
70%
made
70%
sent
70%
stage
70%
stay
70%
stopped
70%
sure
70%
tears
70%
with
70%
ain't
69%
begged
69%
escaped
69%
find
69%
maybe
69%
or
69%
shake
69%
hair
67%
something
67%
would
67%
cut
65%
harmonies
65%
change
63%
frames
63%
me
63%
at
61%
prayed
61%
their
61%
wiry
61%
closed
59%
floodwater
59%
can
57%
could
57%
back
56%
drunken
56%
hear
54%
lake
54%
mind
54%
tambourine
54%
face
50%
good
50%
naked
50%
repeat
50%
theme
50%
dumb
48%
before
46%
broken
46%
felt
46%
punch
46%
then
46%
jaws
44%
kiss
44%
are
43%
knuckles
43%
learned
41%
lessons
41%
make
41%
should've
41%
all
39%
not
39%
say
39%
consequences
37%
mattress
37%
stupid
37%
have
35%
wanna
35%
spark
33%
things
33%
chaos
31%
contribute
30%
don't
30%
complain
26%
watch
26%
clean
24%
twinsized
24%
'cause
20%
every
20%
forever
20%
life
20%
somebody's
20%
through
20%
want
20%
whole
20%
basement
19%
never
19%
she
19%
another
17%
cursed
17%
decision
17%
finding
17%
nightmares
17%
attic
13%
blame
13%
her
13%
hopes
13%
tune
13%
up
13%
graduating
11%
size
11%
late
2%

Score Distribution

Percentile by Number Answered

Percent of People with Each Score

Your Score History

You have not taken this quiz since the last reset